A brief guide to official publications (Record no. 390694)

000 -LEADER
fixed length control field 00275cam a22000977a 4500
008 - FIXED-LENGTH DATA ELEMENTS--GENERAL INFORMATION
fixed length control field 180718b1960 xxu||||| |||| 00| 0 eng d
082 ## - DEWEY DECIMAL CLASSIFICATION NUMBER
Classification number A2x42 Un3p
245 ## - TITLE STATEMENT
Title A brief guide to official publications
260 ## - PUBLICATION, DISTRIBUTION, ETC.
Place of publication, distribution, etc. London
Name of publisher, distributor, etc. Her Majesty's Stationery Office
Date of publication, distribution, etc. 1960
300 ## - PHYSICAL DESCRIPTION
Extent 58+p.
Holdings
Withdrawn status Lost status Damaged status Not for loan Permanent Location Current Location Date acquired Full call number Barcode Date last seen Price effective from Koha item type
        Indian Institute of Public Administration Indian Institute of Public Administration 1999-11-04 A2x42 Un3p 25026 2018-07-21 2018-07-21 Book

Powered by Koha